| Tag |
First Indicator |
Second Indicator |
Subfields |
| LEADER |
00000cam a2200000 a 4500 |
| 001 |
in00000071326 |
| 005 |
20151008062151.0 |
| 008 |
720706m18391845enka 00110 latm |
| 010 |
|
|
|a 10032110
|
| 035 |
|
|
|a (OCoLC)00349834
|
| 035 |
|
|
|9 AAJ9655AM
|
| 040 |
|
|
|c KSU
|d m.c.
|d TXA
|d UtOrBLW
|
| 049 |
|
|
|a TXAM
|v 1-2 [1387239]
|v 3 [1387240]
|v 4-5 [1387241]
|
| 050 |
0 |
0 |
|a B1203
|b 1839a
|
| 100 |
1 |
|
|a Hobbes, Thomas,
|d 1588-1679.
|
| 245 |
1 |
0 |
|a Thom Hobbes Malmesburiensis Opera philosophica qu latine scripsit omnia :
|b in unum corpus nunc primum collecta /
|c studio et labore Gulielmi Molesworth.
|
| 264 |
|
1 |
|a Londini :
|b Apud Joannem Bohn,
|c 1839-45.
|
| 300 |
|
|
|a 5 volumes in 3 :
|b illustrations ;
|c 23 cm.
|
| 336 |
|
|
|a text
|b txt
|2 rdacontent
|
| 337 |
|
|
|a unmediated
|b n
|2 rdamedia
|
| 338 |
|
|
|a volume
|b nc
|2 rdacarrier
|
| 500 |
|
|
|a Volumes 4-5 published by Longman, Brown, Green and Longman.
|
| 500 |
|
|
|a Includes index.
|
| 700 |
1 |
|
|a Molesworth, William,
|c Sir,
|d 1810-1855.
|
| 740 |
0 |
|
|a Opera philosophica qu latine scripsit omnia.
|
| 999 |
|
|
|a MARS
|
| 999 |
f |
f |
|s 4a570e6f-72a3-3110-a17f-35e25c48ee39
|i 28fd94b2-78a4-3456-9af9-5addbb119c7f
|t 0
|
| 952 |
f |
f |
|p ric
|a Texas A&M University
|b Rellis Campus
|c Joint Library Facility
|d Remote Storage
|t 0
|e B1203 1839a
|h Library of Congress classification
|i unmediated -- volume
|k v.3
|m A14806080055
|
| 952 |
f |
f |
|p ric
|a Texas A&M University
|b Rellis Campus
|c Joint Library Facility
|d Remote Storage
|t 0
|e B1203 1839a
|h Library of Congress classification
|i unmediated -- volume
|k v.1-2
|m A14806080047
|
| 952 |
f |
f |
|p ric
|a Texas A&M University
|b Rellis Campus
|c Joint Library Facility
|d Remote Storage
|t 0
|e B1203 1839a
|h Library of Congress classification
|i unmediated -- volume
|k v.4-5
|m A14806080063
|
| 998 |
f |
f |
|a B1203 1839a
|s v.1/2-v.4/5
|t 0
|l Remote Storage
|